American Heritage Rivers Initiative : oversight hearing before the Committee on Resources, House of Representatives, One Hundred Fifth Congress, first session, on oversight hearing on the Clinton administration's American Heritage Rivers Initiative, July 15, 1997, Washington, DC.

Bibliographic Details
Corporate Authors: United States. Congress. House. Committee on Resources, ProQuest (Firm)
Format: Government Document eBook
Language:English
Published: Washington : U.S. G.P.O. : 1997.
Series:U.S. Congressional Hearings.
Subjects:
Online Access:Connect to the full text of this electronic book

MARC

Tag First Indicator Second Indicator Subfields
LEADER 00000cam a22000001a 4500
001 in00003247607
006 m d f
007 cr bn mmmapmmp
008 091026s1997 dcu o f000 0 eng d
005 20260511183759.6
035 |a cis2007468581 
040 |a UMI  |c UMI  |d UtOrBLW 
043 |a n-us--- 
074 |a 1023-A 
074 |a 1023-B (MF) 
086 0 |a Y 4.R 31/3:105-36 
088 |a Serial no. 105-36 (United States. Congress. House. Committee on Resources) 
099 |a HRG-1997-HRC-0065 
110 1 |a United States.  |b Congress.  |b House.  |b Committee on Resources. 
245 1 0 |a American Heritage Rivers Initiative :  |b oversight hearing before the Committee on Resources, House of Representatives, One Hundred Fifth Congress, first session, on oversight hearing on the Clinton administration's American Heritage Rivers Initiative, July 15, 1997, Washington, DC. 
264 1 |a Washington :  |b U.S. G.P.O. :  |c 1997. 
264 2 |a Washington :  |b For sale by the U.S. G.P.O., Supt. of Docs., Congressional Sales Office, 
300 |a 1 online resource. 
336 |a text  |b txt  |2 rdacontent 
337 |a computer  |b c  |2 rdamedia 
338 |a online resource  |b cr  |2 rdacarrier 
500 |a Record is based on bibliographic data in ProQuest Congressional Hearings Digital Collection. Reuse except for individual research requires license from ProQuest, LLC. 
538 |a System requirements: PDF reader software. 
500 |a Electronic resource. 
610 2 0 |a American Heritage Rivers Initiative (U.S.) 
650 0 |a Rivers  |z United States. 
650 0 |a Environmental protection  |z United States. 
650 0 |a Federal aid to historic sites  |z United States. 
655 7 |a Electronic books.  |2 local 
710 2 |a ProQuest (Firm) 
776 0 8 |i Print version:  |a United States. Congress. House. Committee on Resources.  |t American Heritage Rivers Initiative  |w (DGPO)97082399  |w (OCoLC)38190434 
776 0 8 |i Microfiche version:  |a United States. Congress. House. Committee on Resources.  |t American Heritage Rivers Initiative.  |d [Bethesda, Md.] : ProQuest,[2004]  |o CIS 98 H651-8  |w (ProQuest)cis09800854 
830 0 |a U.S. Congressional Hearings. 
856 4 0 |u http://proxy.library.tamu.edu/login?url=https://congressional.proquest.com/congcomp/getdoc?HEARING-ID=HRG-1997-HRC-0065  |z Connect to the full text of this electronic book  |t 0 
998 |a cis09800854 
999 |a MARS 
999 f f |s d90c44f4-226f-3d57-b95e-4526027f10d7  |i 668156e5-7bb9-3299-b8cf-aedaae6bea5d  |t 0 
952 f f |a Texas A&M University  |b College Station  |c Electronic Resources  |s www_evans  |d Available Online  |t 0  |e HRG-1997-HRC-0065  |h Other scheme 
998 f f |a HRG-1997-HRC-0065  |t 0  |l Available Online